|
|
|
|
| LEADER |
01251nam a22002891 4500 |
| 001 |
c000134637 |
| 003 |
CARM |
| 005 |
00000000000000.0 |
| 008 |
710401s1967 nz a b 00010 eng |
| 015 |
|
|
|a NZ67-143
|
| 019 |
1 |
|
|a 20680
|5 LACONCORD2021
|
| 035 |
|
|
|a (OCoLC)459973
|5 LACONCORD2021
|
| 043 |
|
|
|a e-uk---
|
| 050 |
0 |
0 |
|a HD1407
|b .C5 no. 31
|
| 100 |
1 |
|
|a Matheson, Mary J.
|
| 245 |
1 |
4 |
|a The regional pattern of the demand for meat in the United Kingdom,
|c by Mary J. Matheson and B. P. Philpott.
|
| 260 |
|
|
|a Lincoln College,
|b Agricultural Economics Research Unit
|c [1967]
|
| 300 |
|
|
|a [30] l.
|b graphs, tables.
|c 26 cm.
|
| 490 |
1 |
|
|a Lincoln College. Agricultural Economics Research Unit.
|
| 504 |
|
|
|a Bibliographical footnotes.
|
| 650 |
|
0 |
|a Meat industry and trade
|z Great Britain.
|
| 700 |
1 |
|
|a Philpott, B. P.
|q (Bryan Passmore),
|d 1921-
|e joint author.
|
| 830 |
|
0 |
|a Research report (Lincoln College (University of Canterbury). Agricultural Economics Research Unit) ;
|
| 852 |
8 |
|
|b CARM
|h A2:AF28C0
|i D01178
|p 0076230
|f BK
|
| 082 |
0 |
4 |
|a 339.4/7/641360942
|
| 999 |
f |
f |
|i cd0d81e2-7d1b-51a7-8747-852c4da00851
|s b27ff002-89cd-54c0-982b-e28d47689700
|
| 952 |
f |
f |
|p Can circulate
|a CAVAL
|b CAVAL
|c CAVAL
|d CARM 1 Store
|e D01178
|f A2:AF28C0
|h Other scheme
|i book
|m 0076230
|